<?xml version="1.0" encoding="UTF-8"?>
<record
    xmlns:xsi="http://www.w3.org/2001/XMLSchema-instance"
    xsi:schemaLocation="http://www.loc.gov/MARC21/slim http://www.loc.gov/standards/marcxml/schema/MARC21slim.xsd"
    xmlns="http://www.loc.gov/MARC21/slim">

  <leader>00847nam a2200229Ia 4500</leader>
  <controlfield tag="003">IN-BaIIA</controlfield>
  <controlfield tag="008">211028s9999    xx            000 0 eng d</controlfield>
  <datafield tag="020" ind1=" " ind2=" ">
    <subfield code="a">3-540-60152-X</subfield>
  </datafield>
  <datafield tag="040" ind1=" " ind2=" ">
    <subfield code="c">IIA Library</subfield>
  </datafield>
  <datafield tag="080" ind1=" " ind2=" ">
    <subfield code="a">524.7-657(082.1)</subfield>
    <subfield code="b">ESO</subfield>
  </datafield>
  <datafield tag="111" ind1=" " ind2=" ">
    <subfield code="a">European Southern Observatory Workshop on QSO Absorption Lines</subfield>
    <subfield code="c">Garching</subfield>
    <subfield code="d">1994 Nov. 21-24</subfield>
    <subfield code="9">20162</subfield>
  </datafield>
  <datafield tag="245" ind1=" " ind2="0">
    <subfield code="a">QSO absorption lines</subfield>
    <subfield code="b">proceedings of the ESO Workshop on QSO absorpt.ion lines, held in Garching, Germany, 21-24 Nov 1994</subfield>
    <subfield code="c">edited by G. Meylan                                           </subfield>
  </datafield>
  <datafield tag="260" ind1=" " ind2=" ">
    <subfield code="a">Berlin</subfield>
    <subfield code="b">Springer-Verlag</subfield>
    <subfield code="c">1995</subfield>
  </datafield>
  <datafield tag="300" ind1=" " ind2=" ">
    <subfield code="a">[various pagings.]</subfield>
  </datafield>
  <datafield tag="650" ind1=" " ind2=" ">
    <subfield code="a">Absorption spectra</subfield>
    <subfield code="9">3765</subfield>
  </datafield>
  <datafield tag="650" ind1=" " ind2=" ">
    <subfield code="a">Galaxies</subfield>
    <subfield code="9">1286</subfield>
  </datafield>
  <datafield tag="650" ind1=" " ind2=" ">
    <subfield code="a">QSO spectra</subfield>
    <subfield code="9">20163</subfield>
  </datafield>
  <datafield tag="650" ind1=" " ind2=" ">
    <subfield code="a">Quasars</subfield>
    <subfield code="9">1096</subfield>
  </datafield>
  <datafield tag="650" ind1=" " ind2=" ">
    <subfield code="a">Redshift</subfield>
    <subfield code="9">8391</subfield>
  </datafield>
  <datafield tag="700" ind1=" " ind2=" ">
    <subfield code="a">Meylan, G., ed.</subfield>
    <subfield code="9">19127</subfield>
  </datafield>
  <datafield tag="942" ind1=" " ind2=" ">
    <subfield code="c">BK</subfield>
  </datafield>
  <datafield tag="999" ind1=" " ind2=" ">
    <subfield code="c">11663</subfield>
    <subfield code="d">11663</subfield>
  </datafield>
  <datafield tag="952" ind1=" " ind2=" ">
    <subfield code="0">0</subfield>
    <subfield code="1">0</subfield>
    <subfield code="4">0</subfield>
    <subfield code="7">0</subfield>
    <subfield code="a">BAN</subfield>
    <subfield code="b">BAN</subfield>
    <subfield code="c">GEN</subfield>
    <subfield code="d">1996-02-09</subfield>
    <subfield code="e">WP    </subfield>
    <subfield code="g">1204.80</subfield>
    <subfield code="l">1</subfield>
    <subfield code="o">524.7-657(082.1)/ ESO</subfield>
    <subfield code="p">12578</subfield>
    <subfield code="r">2024-10-22</subfield>
    <subfield code="s">2024-05-22</subfield>
    <subfield code="v">1204.80</subfield>
    <subfield code="w">1996-02-09</subfield>
    <subfield code="y">BK</subfield>
    <subfield code="G">Rs. 1204.80  </subfield>
  </datafield>
</record>
